Los Reyes Católicos (Record no. 7443)
[ view plain ]
| 000 -LEADER | |
|---|---|
| campo de control de longitud fija | 00756nam a2200229 i 4500 |
| 001 - NÚMERO DE CONTROL | |
| campo de control | 7443 |
| 003 - IDENTIFICADOR DE NÚMERO DE CONTROL | |
| campo de control | ES-MaACL |
| 005 - FECHA Y HORA DE LA ÚLTIMA TRANSACCIÓN | |
| campo de control | 20250815041034.0 |
| 007 - CAMPO FIJO DE DESCRIPCIÓN FÍSICA--INFORMACIÓN GENERAL | |
| campo de control de longitud fija | t| |
| 008 - DATOS DE LONGITUD FIJA--INFORMACIÓN GENERAL | |
| campo de control de longitud fija | 910118s1989 sp |||| |dspa d |
| 020 ## - NÚMERO INTERNACIONAL ESTÁNDAR DEL LIBRO | |
| Número Internacional Estándar del Libro | 84-321-2560-1 |
| 080 ## - NÚMERO DE LA CLASIFICACIÓN DECIMAL UNIVERSAL | |
| Número de la Clasificación Decimal Universal | 9(46)"1474/1517" |
| 100 1# - ENTRADA PRINCIPAL--NOMBRE DE PERSONA | |
| Nombre de persona | Suárez Fernández, Luis, |
| Fechas asociadas al nombre | 1924-2024 |
| 9 (RLIN) | 240112 |
| 245 14 - MENCIÓN DEL TÍTULO | |
| Título | Los Reyes Católicos |
| Resto del título | : el tiempo de la guerra de Granada / |
| Mención de responsabilidad, etc. | Luis Suárez Fernández. |
| 260 ## - PUBLICACIÓN, DISTRIBUCIÓN, ETC. | |
| Lugar de publicación, distribución, etc. | Madrid : |
| Nombre del editor, distribuidor, etc. | Rialp, |
| Fecha de publicación, distribución, etc. | D.L. 1989. |
| 300 ## - DESCRIPCIÓN FÍSICA | |
| Extensión | 315 p. ; |
| Dimensiones | 25 cm. |
| 490 1# - MENCIÓN DE SERIE | |
| Mención de serie | Forjadores de historia ; |
| Designación de volumen o secuencia | 15 |
| 651 ## - PUNTO DE ACCESO ADICIONAL DE MATERIA--NOMBRE GEOGRÁFICO | |
| Nombre geográfico | España- |
| Subdivisión general | Historia- |
| Subdivisión cronológica | 1474-1516, Reyes Católicos. |
| 9 (RLIN) | 8222 |
| 830 00 - PUNTO DE ACCESO ADICIONAL DE SERIE-TÍTULO UNIFORME | |
| Título uniforme | Forjadores de historia |
| Designación de volumen o secuencia | 15 |
| 9 (RLIN) | 177871 |
| 852 ## - LOCALIZACIÓN | |
| Ubicación | ES-MaACL |
| Número de control de estantería | L-14722 |
| Nota libre | - Enc. cart. |
| Estatus retirado | Estado de pérdida | Estado de daño | No para préstamo | Biblioteca de origen | Biblioteca actual | Ubicación en estantería | Fecha de adquisición | Fuente de adquisición | Total de préstamos | Signatura topográfica completa | Código de barras | Visto por última vez | Precio de reemplazo | Tipo de ítem Koha |
|---|---|---|---|---|---|---|---|---|---|---|---|---|---|---|
| Biblioteca del Ateneo de Madrid | Biblioteca del Ateneo de Madrid | Depósito 2 | 17/01/2008 | L-14722 | 1007591 | 23/02/2023 | 23/02/2023 | Libro impreso |
